God Tusi Great Ho (Record no. 34384)

MARC details
000 -LEADER
fixed length control field 02989nam a22004697a 4500
003 - CONTROL NUMBER IDENTIFIER
control field dpl
005 - DATE AND TIME OF LATEST TRANSACTION
control field 20100304111657.0
007 - PHYSICAL DESCRIPTION FIXED FIELD--GENERAL INFORMATION
fixed length control field DVD
008 - FIXED-LENGTH DATA ELEMENTS--GENERAL INFORMATION
fixed length control field 080922t xxu||||| |||| 00| 0 eng d
010 ## - LIBRARY OF CONGRESS CONTROL NUMBER
LC control number DVD-005859-5864 & DVD-0-06355-6357
024 ## - OTHER STANDARD IDENTIFIER
Standard number or code TSDVD-2447 GSM
Terms of availability 49.00
035 ## - SYSTEM CONTROL NUMBER
System control number DVD-005859-5864
035 ## - SYSTEM CONTROL NUMBER
System control number DVD-006355-6357
040 ## - CATALOGING SOURCE
Original cataloging agency DPL
Transcribing agency DPL
082 ## - DEWEY DECIMAL CLASSIFICATION NUMBER
Classification number DVD GODT
245 ## - TITLE STATEMENT
Title God Tusi Great Ho
Statement of responsibility, etc Afzal Khan's Presents
Medium [videoreocrding] DVD/
260 ## - PUBLICATION, DISTRIBUTION, ETC. (IMPRINT)
Place of publication, distribution, etc New Delhi
Name of publisher, distributor, etc Super Cassettes Industries Ltd.
300 ## - PHYSICAL DESCRIPTION
Extent 1 Videodisc DVD ;
Other physical details sd., col.;
Dimensions 4 3/4 in.
Type of unit DVD
440 ## - SERIES STATEMENT/ADDED ENTRY--TITLE
Title T-Series
538 ## - SYSTEM DETAILS NOTE
System details note Dolby Digital 5.1, Language Hindi
650 ## - SUBJECT ADDED ENTRY--TOPICAL TERM
Topical term or geographic name as entry element Motion picture
700 ## - ADDED ENTRY--PERSONAL NAME
Personal name Afzal Khan
700 ## - ADDED ENTRY--PERSONAL NAME
Personal name Mehta, Ashok
700 ## - ADDED ENTRY--PERSONAL NAME
Personal name Desai, Nitin
700 ## - ADDED ENTRY--PERSONAL NAME
Personal name Sajid Wasjid
700 ## - ADDED ENTRY--PERSONAL NAME
Personal name Shabina Afzal Khan
700 ## - ADDED ENTRY--PERSONAL NAME
Personal name Bachchan, Amitabh
700 ## - ADDED ENTRY--PERSONAL NAME
Personal name Salman Khan
700 ## - ADDED ENTRY--PERSONAL NAME
Personal name Chopra, Priyanka
942 ## - ADDED ENTRY ELEMENTS (KOHA)
Source of classification or shelving scheme Dewey Decimal Classification
Koha item type CD-ROMs, DVDs, VHS
Classification part DVD
Call number suffix GODT
Holdings
Withdrawn status Lost status Source of classification or shelving scheme Damaged status Not for loan Home library Current library Date acquired Source of acquisition Cost, normal purchase price Total Checkouts Full call number Barcode Date last seen Date checked out Copy number Cost, replacement price Price effective from Koha item type Total Renewals
    Dewey Decimal Classification     Central Library Central Library 04/03/2010 Pioneers/1003/28-11-09/325/13-10-09 /30-11-09 49.00 5 DVD GODT DVD-005859 30/06/2011 17/06/2011 1 49.00 04/03/2010 CD-ROMs, DVDs, VHS  
    Dewey Decimal Classification     Janak Puri Janak Puri 11/03/2010 Pioneers/1099/25-12-09/325/13-10-09 /30-12-09 49.00 9 DVD GODT DVD-006357 04/10/2012 29/09/2012 1 49.00 11/03/2010 CD-ROMs, DVDs, VHS  
    Dewey Decimal Classification     Karol Bagh Karol Bagh 04/03/2010 Pioneers/1003/28-11-09/325/13-10-09 /30-11-09 49.00 5 DVD GODT DVD-005864 21/12/2011 14/12/2011 1 49.00 04/03/2010 CD-ROMs, DVDs, VHS  
    Dewey Decimal Classification     Narela Narela 11/03/2010 Pioneers/1099/25-12-09/325/13-10-09 /30-12-09 49.00 8 DVD GODT DVD-006355 14/03/2012 09/03/2012 1 49.00 11/03/2010 CD-ROMs, DVDs, VHS  
    Dewey Decimal Classification     Patel Nagar Patel Nagar 04/03/2010 Pioneers/1003/28-11-09/325/13-10-09 /30-11-09 49.00 6 DVD GODT DVD-005860 03/05/2011 19/04/2011 1 49.00 04/03/2010 CD-ROMs, DVDs, VHS  
    Dewey Decimal Classification     R.K.Puram-8 R.K.Puram-8 04/03/2010 Pioneers/1003/28-11-09/325/13-10-09 /30-11-09 49.00 3 DVD GODT DVD-005862 19/03/2013 13/03/2013 1 49.00 04/03/2010 CD-ROMs, DVDs, VHS 1
    Dewey Decimal Classification     Sarojini Nagar Sarojini Nagar 04/03/2010 Pioneers/1003/28-11-09/325/13-10-09 /30-11-09 49.00 9 DVD GODT DVD-005861 08/08/2015 20/07/2015 1 49.00 04/03/2010 CD-ROMs, DVDs, VHS  
    Dewey Decimal Classification     Shahdara Branch Shahdara Branch 11/03/2010 Pioneers/1099/25-12-09/325/13-10-09 /30-12-09 49.00   DVD GODT DVD-006356 11/03/2010   1 49.00 11/03/2010 CD-ROMs, DVDs, VHS  
    Dewey Decimal Classification     Vinoba Puri Vinoba Puri 04/03/2010 Pioneers/1003/28-11-09/325/13-10-09 /30-11-09 49.00 3 DVD GODT DVD-005863 02/05/2011 15/04/2011 1 49.00 04/03/2010 CD-ROMs, DVDs, VHS  

© Delhi Public Library
Hit Counter
free hit counter